|
|
|
|
| LEADER |
00000nab a2200000 4500 |
| 001 |
0000000026 |
| 003 |
AR-BaUAD |
| 005 |
20250710121134.0 |
| 008 |
250530b |||||||| |||| 00| 0 eng d |
| 040 |
|
|
|a AR-BaUAD
|c AR-BaUAD
|
| 100 |
|
|
|a Morgan Ball, Daniel
|
| 245 |
|
|
|a Los usuarios del espacio público como protagonistas en el paisaje urbano
|
| 300 |
|
|
|b fot.
|
| 648 |
|
|
|a SIGLO XX
|
| 650 |
|
|
|a URBANISMO
|
| 650 |
|
|
|a ANALISIS
|
| 650 |
|
|
|a ESPACIO PUBLICO
|
| 650 |
|
|
|a PAISAJE URBANO
|
| 650 |
|
|
|a FACHADAS
|
| 650 |
|
|
|a INTERVENCIONES URBANAS
|
| 650 |
|
|
|a ESTETICA
|
| 651 |
|
|
|a SAN JOSE DE COSTA RICA
|
| 651 |
|
|
|a COSTA RICA
|
| 655 |
|
|
|a ARTICULO DE REVISTA
|
| 773 |
|
|
|g no. 8 (2006), p. 34-41
|w arbauadP000062
|z 1657-0308 (impresa)
|t Revista de arquitectura (Colombia)
|
| 856 |
|
|
|u https://revistadearquitectura.ucatolica.edu.co/article/view/807/837
|
| 942 |
|
|
|2 udc
|n 0
|c ARTI
|
| 990 |
|
|
|a AQ200
|b TD
|
| 999 |
|
|
|c 24088
|d 24088
|